| 000 | 01334naa a22003137a 4500 | ||
|---|---|---|---|
| 001 | BR9401206 | ||
| 003 | BR-BrBNA | ||
| 005 | 20240918181114.0 | ||
| 007 | ta | ||
| 008 | 230509b bl.||||| |||| 00| 0 por d | ||
| 040 |
_aBR-BrBNA _bpor _cBiblioteca Nacional de Agricultura |
||
| 041 | _a(Pt) | ||
| 072 | _aN20; P33 | ||
| 090 | _aN20 BR9401206 | ||
| 100 | 1 | _aCarvalho, S.V. de | |
| 100 | 1 | _aOliveira, E.F. de | |
| 100 | 1 | _aBalbino, L.C. | |
| 100 | 1 | _aPereira, J.O. | |
| 111 | 1 |
_a21. Congresso Brasileiro de Engenharia Agricola1. Simposio de Engenharia Agricola do Cone Sul _cSanta Maria, RS (Brazil) _d27-31 Jul 1992 |
|
| 245 | 1 | _aEfeito de diferentes implementos no rompimento da camada compactada de um latossolo roxo no oeste do Parana | |
| 260 | 3 |
_aSanta Maria, RS (Brasil): _c1992. |
|
| 500 | _a21. Congresso Brasileiro de Engenharia Agricola e 1. Simposio de Engenharia Agricola do Cone Sul Santa Maria, RS (Brasil): 1992. v. 3. p. 1272-1284 (BR9401206-AM)N20 | ||
| 650 | _aEquipamento Agricola | ||
| 650 | _aMecanizacao Agricola | ||
| 650 | _aCompactacao do Solo | ||
| 773 | 0 |
_t21. Congresso Brasileiro de Engenharia Agricola e 1. Simposio de Engenharia Agricola do Cone Sul _wN20 BR9401206 _gSanta Maria, RS (Brasil), 1992. v. 3. p. 1272-1284 |
|
| 909 |
_a202404 _bLucia _c55 _dLucia Elande |
||
| 942 |
_cAM _2AGRIS |
||
| 999 |
_c323647 _d323647 |
||